101 tip deko bersama Eric Leong

Bibliographic Details
Main Author: Leong, Eric
Format: Book
Language:Malay
Published: Selangor : Kumpulan Karangkraf Sdn. Bhd. , 2009
Subjects:

MARC

LEADER 00000cam a2200000 7i4500
001 0000026962
005 20161109.0
008 161012 my may
020 |a 9789675052170 
040 |a INS 
090 0 0 |a NK2137   |b L46 2009 
100 1 |a Leong, Eric 
245 1 0 |a 101 tip deko bersama Eric Leong   |c Eric Leong 
260 |a Selangor :   |b Kumpulan Karangkraf Sdn. Bhd. ,   |c 2009 
300 |a 125ms :   |b gambar berwarna, illustrasi berwarna ;   |c 23 sm. 
650 0 |a Interior decoration 
650 0 |a Interior design 
999 |a 0000023508   |b BOOK   |c Open Shelf   |e Default branch